Statistics for Most Expensive Atlantic Hurricanes

Click here to take the quiz!

General Stats

  • This quiz has been taken 47 times
  • The average score is 8 of 14

Answer Stats

Year (Damage)Name% Correct
2005 ($125.00 billion)Katrina
92%
1992 ($26.50 billion) Andrew
89%
2012 ($71.40 billion)Sandy
86%
2005 ($29.30 billion) Wilma
78%
2004 ($15.10 billion) Charley
62%
2008 ($37.50 billion) Ike
59%
2004 ($23.30 billion) Ivan
57%
2005 ($12.00 billion) Rita
57%
2011 ($16.60 billion) Irene
51%
1989 ($8.50 billion) Hugo
49%
2004 ($9.85 billion) Frances
43%
2004 ($7.66 billion) Jeanne
43%
1998 ($9.72 billion) Georges
41%
2001 ($9.00 billion) Allison
35%

Score Distribution

Percentile by Number Answered

Percent of People with Each Score

Your Score History

You have not taken this quiz